000 00923njm a2200301 c 4500
003 BLK
005 20180421002341.0
008 180410b bul||n||s|||||||| n|bulo|
010 _aCDD00001025000
040 _aBLK
041 _aDEU
_cDEU
080 _aДруги видове песни. - Естрада, джаз. Стари градски. Рок-и попмузика. Чалга(поп-фолк)
_b784.7
_x
_z784.7
700 1 _aNuBox
_eизп.
_920033
139 _aNuBox
_bN 91
245 1 0 _aNext Twist [CD аудио]
_cизп. NuBox.
257 _aDEU
260 Munchen
_bEnja Rec.
_c2007
300 _c12 см. Stereo
_fбр. в к-т
_g1 CD
306 _a63мин. 58сек.
380 _a7
650 4 _aДжаз
_9153283
653 _aджаз
852 _aЦб CD 2504
_p0
856 4 _qpdf
_u
856 4 _qpdf
_u
942 _cCDD
_n0
944 _aCR
_c13.04.2010
_kТеодора_Стоянова
944 _aED
_c16.03.2011
_k
999 _c218506
_d218506